| 000 | 01161cam a2200301Ki 4500 | ||
|---|---|---|---|
| 001 | 6136 | ||
| 003 | BD-RjUL | ||
| 005 | 20211208234206.0 | ||
| 008 | 140109s1942 nyu o o01 0 eng d | ||
| 035 | _a(BD-RjUL)6175 | ||
| 035 | _a(OCoLC)680202329 | ||
| 040 |
_aOCLCE _beng _cOCLCE _dBD-RjUL |
||
| 041 | _aeng | ||
| 082 | 0 | 4 |
_a510 _bSOU 1942 |
| 245 | 0 | 2 |
_aA Source book of mathematical applications _ccompiled by a committee of the National Council of Teachers of Mathematics. |
| 260 |
_aNew York : _bBureau of Publications, Teachers College, Columbia University, _cc1942. |
||
| 300 |
_axvi, 291 p. ; _c23 cm. |
||
| 490 | 1 |
_aNational Council of Teachers of Mathematics. Yearbook ; _v17th |
|
| 504 | _aIncludes index. | ||
| 506 |
_3Use copy _fRestrictions unspecified _2star _5MiAaHDL |
||
| 650 | 0 |
_aMathematics _xStudy and teaching. _919305 |
|
| 650 | 7 |
_aMatematica (Estudo E Ensino) _2larpcal _919306 |
|
| 710 | 2 |
_aNational Council of Teachers of Mathematics. _919307 |
|
| 776 | 1 |
_cOriginal _w(OCoLC)4099957 |
|
| 856 | 4 | 0 |
_3HathiTrust Digital Library _uhttp://catalog.hathitrust.org/api/volumes/oclc/4099957.html |
| 942 |
_2ddc _cBK |
||
| 999 |
_c6136 _d6136 |
||